000 00417nam a2200157Ia 4500
003 OSt
005 20260314131244.0
008 211028s2014 xx 000 0 und d
040 _cAIMIT LIBRARY
041 _aeng
100 _aSridevi; Prabhu, Aravind.
_g111804
_94330
110 _aVanitha Kulshekar
_94331
245 _aMaterial non conformance tracking portal /
260 _aBangalore
_c2014
942 _2ddc
_cPRO
999 _c217534
_d217534